Statystyki dla Najtrudniejsze pierwiastki chemiczne

Kliknij tutaj aby rozwiązać quiz!

Ogólne statystyki

  • Ten quiz został rozwiązany 15 razy
  • Średni wynik to 6 z 18

Statystyki odpowiedzi

HintOdpowiedź% Poprawnych
21%seaborg
57%
20%gadolin
50%
21%lorens
50%
21%lutet
43%
19%nihon
43%
16%dysproz
36%
19%liwermor
36%
20%tul
36%
19%berkel
29%
20%darmsztadt
29%
18%ferm
29%
17%flerow
29%
20%terb
29%
16%meitner
21%
19%promet
21%
21%tenes
21%
19%holm
14%
18%samar
14%

Rozkład punktacji

Percentyl według liczby udzielonych odpowiedzi

Procent ludzi z każdym wynikiem

Twoja historia wyników

Nie rozwiązałeś tego quizu